000 00796nam a2200229 i 4500
999 _c3995
_d3995
005 20180213145011.0
008 100222s2004 ck a gr 00010dspa d
015 _ack-2004-xxxx
040 _aCO-BoBLA
_cCO-BoBLA
_dCO-BoIAVH
041 _aspa
043 _as-ck---
082 0 4 _a634.09861
_bA83f
110 2 _aAsociación Red Colombiana de Reservas Naturales de la Sociedad Civil
245 1 0 _aFrutas y fruti culturas en Colombia
260 3 _aSantiago de Cali :
_bFondo para la Acción Ambiental,
_c2004.
300 _a38 páginas :
_bilustraciones ;
_c28 cm.
490 0 0 _aCartilla de Fruticultura ;
_v1
650 1 4 _aFrutas
_z Colombia.
650 2 4 _aFruticultura
_z Colombia.
700 1 _aOrdóñez E., Luis Felipe,
_eilustrador.
942 _2ddc
_cLIBRO